| 000 | 00477nam a2200193Ia 4500 | ||
|---|---|---|---|
| 005 | 20240823031928.0 | ||
| 008 | 240823s9999||||xx |||||||||||||| ||und|| | ||
| 020 | _a978-81-203-3845-6 | ||
| 041 | _aENGLISH | ||
| 082 | _A621.4021 Q1 | ||
| 100 | _aAchuthan M | ||
| 245 | 0 | _aEngineering Thermodynamics | |
| 250 | _a2nd | ||
| 260 |
_c2011 _b"Phi, New Delhi" |
||
| 500 | _aTRANSFERED | ||
| 650 |
_aThermodynamics _bAeronautical Engineering |
||
| 942 | _cBK | ||
| 999 |
_c192234 _d192234 |
||